গঙ্গার পানিচুক্তি প্রেক্ষিত ও সম্ভাবনা / (Record no. 4347)
[ view plain ]
| 000 -LEADER | |
|---|---|
| fixed length control field | 00808nam a2200229 a 4500 |
| 001 - CONTROL NUMBER | |
| JCCL Control Number | 4347 |
| 003 - CONTROL NUMBER IDENTIFIER | |
| JCCL marc code | BD-JhCC |
| 005 - DATE AND TIME OF LATEST TRANSACTION | |
| control field | 20171126200943.0 |
| 008 - FIXED-LENGTH DATA ELEMENTS--GENERAL INFORMATION | |
| fixed length control field | 171126s1997 bg |||| ||a| 000 0 ben d |
| 020 ## - INTERNATIONAL STANDARD BOOK NUMBER | |
| International Standard Book Number | 9844100704 |
| 035 ## - SYSTEM CONTROL NUMBER | |
| system control number | (BD-JhCC)4347 |
| 040 ## - CATALOGING SOURCE | |
| Original cataloging agency | BD-JhCC |
| Modifying agency | BD-JhCC |
| 041 ## - LANGUAGE CODE | |
| Language code of Book | ben |
| 082 ## - DEWEY DECIMAL CLASSIFICATION NUMBER | |
| Classification number | 341.2595492 |
| Author mark and Year | GEN 1997 |
| 245 ## - TITLE STATEMENT | |
| Title | গঙ্গার পানিচুক্তি প্রেক্ষিত ও সম্ভাবনা / |
| Statement of responsibility, etc | তারেক শামসুর রেহমান (সম্পাদনা) |
| 260 ## - PUBLICATION, DISTRIBUTION, ETC. (IMPRINT) | |
| Place of publication, distribution, etc | ঢাকা : |
| Name of publisher, distributor, etc | মাওলা ব্রাদার্স, |
| Date of publication, distribution, etc | 1997. |
| 300 ## - PHYSICAL DESCRIPTION | |
| Pagination | 101 p. : |
| Dimensions | 22 cm. |
| 650 ## - SUBJECT ADDED ENTRY--TOPICAL TERM | |
| Topical term or geographic name as entry element | Water deal |
| Geographic subdivision | Bangladesh |
| -- | India |
| 700 ## - ADDED ENTRY--PERSONAL NAME | |
| Personal name | রেহমান, তারেক শামসুর |
| 942 ## - ADDED ENTRY ELEMENTS (KOHA) | |
| Source of classification or shelving scheme | Dewey Decimal Classification |
| Koha item type | Books |
| Source of classification or shelving scheme | Damaged status | Not for loan | Home library | Current library | Shelving location | Date of accession | Cost, normal purchase price | Total Checkouts | Full call number | Barcode | Date last seen | Copy number | Koha item type |
|---|---|---|---|---|---|---|---|---|---|---|---|---|---|
| Dewey Decimal Classification | JCC Rouf Library | JCC Rouf Library | General Stacks | 11/26/2017 | 80.00 | 341.2595492 GEN 1997 | 6214 | 11/26/2017 | C-1 | Books |